000 00578nam a2200193Ia 4500
005 20250508162157.0
008 008 250505s9999 xx 000 0 eng d
037 _aDissertations
040 _aFEDL
_beng
_cFEDL
041 _aeng
_2eng
084 _a510, NAY/DI
_qFEDL
100 _aNayar Jayat Kumar
_9772507
245 0 _aInquiry into the areas of wearness in mathematics of high school students
260 _c1981
300 _a163p.
546 _aM.Ed. Dissertation 1979-81(Delhi University)
942 _cDIS
_h510, NAY/DI
999 _c1374844
_d1374844